000
00215nam a2200085Ia 4500
008
180219s9999 xx 000 0 und d
100
_a
Sharma Mahesh
245
0
_a
Meain Chaadeky Bol Rha Hu
260
_a
"New Delhi
260
_c
Prabhat Paper Waxe"
999
_c
42650
_d
42650